Villes de France - Mort subite - Statistiques

Statistiques générales
  • Ce quiz a été pris 319 fois
  • Le résultat moyen est 14 sur 19
Answers on the Grid
Answers color-coded by a green-red scale on the quiz's grid according to % correct below.
Clermont-Ferrand
Marseille
Saint-Céléstin
Nice
Nîmes
La Chaux-de-Fonds
La Turbie
Lyon
Neuchâtel
Bourgoin-Jallieu
La Louvière
Saint-Trond
Nantes
Rennes
Auxerre
Trois-Rivières
Val-Bélair
Angoulème
Cannes
Beausoleil
Larochette
Trèves
Clervaux
Lille
Le Mans
La Rochelle
Cherbourg-en-Cotentin
Tours
Sion
Agde
Roses
 
Statistiques - réponses
Réponse % Correct
Clermont-Ferrand
97%
Marseille
96%
Nîmes
96%
Nice
95%
Lyon
94%
Nantes
84%
Rennes
84%
Cannes
80%
Lille
79%
Le Mans
78%
Tours
78%
Auxerre
77%
La Rochelle
77%
Angoulème
75%
Agde
63%
Cherbourg-en-Cotentin
51%
Bourgoin-Jallieu
50%
La Turbie
25%
Beausoleil
17%
Aucun quiz correspondant
Distribution des résultats
% des personnes avec chaque résultat
Percentile par nombre de réponses
Votre historique - résultats
Vous n’avez pas pris ce quiz